| 000 | 00694nam a2200277Ia 4500 | ||
|---|---|---|---|
| 008 | 160716s9999||||xx |||||||||||||| ||und|| | ||
| 040 | _cEnglish | ||
| 082 | _aXI.E/Bible | ||
| 082 | _bBORI-59013 | ||
| 100 | _aHenry and Scott | ||
| 245 | 2 | _aA Commentary upon The Holy Bible | |
| 260 | _aLondon | ||
| 260 | _bThe Religious Tract Society | ||
| 300 | _a524 | ||
| 300 | _cA | ||
| 300 | _eHardbound | ||
| 530 | _u00059013.pdf | ||
| 563 | _aStudy | ||
| 600 | _aHenry and Scott | ||
| 630 | _aA Commentary upon The Holy Bible | ||
| 650 | _aGeneral Indology | ||
| 650 | _aReligion | ||
| 700 | _aHenry and Scott | ||
| 730 | _aA Commentary upon The Holy Bible | ||
| 942 | _cBOOK | ||
| 999 |
_c1397242 _d1397239 |
||